Producció de mercaderies per mitjà de mercaderies : Premises a una crítica de la teoria econòmica / Piero Sraffa ; traducció, edició i pròleg a cura d'Ernest Lluch Premises a una crítica de la teoria econòmica / Piero Sraffa ; traducció, edició i pròleg a cura d'Ernest Lluch
Descripción Física:
167 p. ; 20 cm
Colección:
Clàssics del pensament modern ; 21
Otros Autores:
Lluch, Ernest, 1937-2000
Materias:
Economia
MARC
| LEADER | 00000nam a2200000Ia 4500 | ||
|---|---|---|---|
| 001 | 1503 | ||
| 008 | 160829s1985 xx 000 0 cat d | ||
| 080 | |a M-2-144 | ||
| 100 | |a Sraffa, Piero |9 28757 | ||
| 245 | |a Producció de mercaderies per mitjà de mercaderies : |b Premises a una crítica de la teoria econòmica / Piero Sraffa ; traducció, edició i pròleg a cura d'Ernest Lluch | ||
| 260 | |a Barcelona : |b Edicions 62 : |b Diputació de Barcelona, |c 1985 | ||
| 300 | |a 167 p. ; |c 20 cm | ||
| 490 | |a Clàssics del pensament modern ; 21 | ||
| 650 | |a Economia |9 31980 | ||
| 700 | |a Lluch, Ernest, |d 1937-2000 |e pròleg |9 23386 | ||
| 901 | |a Arxiu | ||
| 942 | |n 1 |2 udc | ||
| 952 | |0 0 |1 0 |4 0 |6 M2144 |7 1 |9 44932 |a Arxiu |b Arxiu |d 2016-12-01 |l 0 |o M-2-144 |p 1503 |r 2016-12-01 00:00:00 |w 2016-12-01 |y ARXIU | ||
| 999 | |c 47531 |d 47531 | ||